Brasilianischer WM-Kader 2022 - Statistiken

Allgemein
  • Dieses Quiz wurde 719 mal gespielt
  • Das Durchschnittsergebnis liegt bei 17 aus 27
Antwortstatistiken
# Position Verein Spieler % Korrekt
1 Tor Liverpool FC Alisson
96%
23 Tor Manchester City Ederson
94%
10 Angriff Paris Saint-Germain Neymar
93%
20 Angriff Real Madrid Vinícius Júnior
90%
21 Angriff Real Madrid Rodrygo
84%
3 Abwehr Chelsea FC Thiago Silva
82%
9 Angriff Tottenham Hotspur Richarlison
81%
14 Abwehr Real Madrid Eder Militão
80%
5 Mittelfeld Manchester United Casemiro
77%
4 Abwehr Paris Saint-Germain Marquinhos
75%
18 Angriff Arsenal FC Gabriel Jesus
74%
26 Angriff Arsenal FC Gabriel Martinelli
70%
6 Abwehr Juventus Turin Alex Sandro
67%
24 Abwehr Juventus Turin Bremer
67%
8 Mittelfeld Manchester United Fred
67%
19 Angriff Manchester United Antony
66%
2 Abwehr Juventus Turin Danilo
66%
15 Mittelfeld Liverpool FC Fabinho
66%
11 Angriff FC Barcelona Raphinha
65%
7 Mittelfeld West Ham United Lucas Paquetá
64%
17 Mittelfeld Newcastle United Bruno Guimarães
45%
13 Abwehr Pumas UNAM Dani Alves
38%
- Trainer - Tite
33%
16 Abwehr Sevilla FC Alex Telles
27%
12 Tor Palmeiras Wéverton
25%
25 Angriff Flamengo RJ Pedro
13%
22 Mittelfeld Flamengo RJ Éverton Ribeiro
6%
Keine übereinstimmenden Quizze gefunden
Verteilung der Resultate
Anzahl Personen mit jedem Resultat
Perzentil nach korrekt beantworteten Fragen
Ihre Resultats-Entwicklung
Sie haben dieses Quiz noch nicht gespielt